Paire de centres du XV de France sous Fabien Galthié. (2020 - ...) - Statistiques

Statistiques générales
  • Ce quiz a été pris 116 fois
    40 depuis la dernière actualisation
  • Le résultat moyen est 8 sur 12
Statistiques - réponses
Joueur % Correct
Gaël Fickou
100%
Yoram Moefana
94%
Jonathan Danty
91%
Nicolas Depoortère
88%
Emilien Gailleton
82%
Fabien Brau-Boirie
82%
Pierre-Louis Barassi
76%
Virimi Vakatawa
67%
Arthur Vincent
55%
Romain Ntamack
48%
Antoine Frisch
33%
Jean-Pascal Barraque
9%
Aucun quiz correspondant
Distribution des résultats
% des personnes avec chaque résultat
Percentile par nombre de réponses
Votre historique - résultats
Vous n’avez pas pris ce quiz depuis la dernière actualisation